Human resource management 6th/Ed (Record no. 294542)
[ view plain ]
| 000 -LEADER | |
|---|---|
| fixed length control field | 00318 a2200133 4500 |
| 001 - CONTROL NUMBER | |
| control field | 59469 |
| 020 ## - INTERNATIONAL STANDARD BOOK NUMBER | |
| International Standard Book Number | 9780136589075 |
| 082 ## - DEWEY DECIMAL CLASSIFICATION NUMBER | |
| Classification number | 658.3 DES |
| 090 ## - LOCALLY ASSIGNED LC-TYPE CALL NUMBER (OCLC); LOCAL CALL NUMBER (RLIN) | |
| -- | 36392 |
| -- | 36392 |
| 100 ## - MAIN ENTRY--PERSONAL NAME | |
| Personal name | Gary Dessler |
| 245 ## - TITLE STATEMENT | |
| Title | Human resource management 6th/Ed |
| Statement of responsibility, etc. | Gary Dessler |
| 250 ## - EDITION STATEMENT | |
| Edition statement | 6th |
| 260 ## - PUBLICATION, DISTRIBUTION, ETC. | |
| Place of publication, distribution, etc. | USA |
| Name of publisher, distributor, etc. | Prentice Hall |
| Date of publication, distribution, etc. | 1994 |
| 942 ## - ADDED ENTRY ELEMENTS (KOHA) | |
| Institution code [OBSOLETE] | NUST-CAE |
| Call number prefix | 658.3 DES |
| Withdrawn status | Lost status | Damaged status | Not for loan | Collection code | Permanent Location | Current Location | Date acquired | Total Checkouts | Full call number | Barcode | Date last seen | Price effective from | Koha item type |
|---|---|---|---|---|---|---|---|---|---|---|---|---|---|
| College of Aeronautical Engineering (CAE) | College of Aeronautical Engineering (CAE) | 04/03/2017 | 658.3 DES | CAE63492 | 04/05/2017 | 04/05/2017 | Book | ||||||
| College of Aeronautical Engineering (CAE) | College of Aeronautical Engineering (CAE) | 04/03/2017 | 658.3 DES | CAEN-2956 | 04/05/2017 | 04/05/2017 | Book |
